Encyklopedia katolicka
| Authors: | ; |
|---|---|
| Corporate Author: | |
| Format: | Print Book |
| Language: | Polish |
| Subito Delivery Service: | Order now. |
| Check availability: | HBZ Gateway |
| Interlibrary Loan: | Interlibrary Loan for the Fachinformationsdienste (Specialized Information Services in Germany) |
| Published: |
Lublin
Towarzystwo Naukowe Katolickiego Uniw. Lubelskiego Jana Pawła II
1973-
Lublin Katolicki Uniw. Lubelski früher |
| In: | Year: 1973 |
| Volumes / Articles: | Show volumes/articles. |
| Standardized Subjects / Keyword chains: | B
Theology
B Catholic theology |
| Further subjects: | B
Dictionary
|
MARC
| LEADER | 00000cam a2200000 ca4500 | ||
|---|---|---|---|
| 001 | 1091609977 | ||
| 003 | DE-627 | ||
| 005 | 20251024133342.0 | ||
| 007 | tu | ||
| 008 | 900914m19739999xx ||||| 00| ||pol c | ||
| 020 | |a 8386668008 |9 83-86668-00-8 | ||
| 020 | |a 9788373066540 |9 978-83-7306-654-0 | ||
| 035 | |a (DE-627)1091609977 | ||
| 035 | |a (DE-576)021609977 | ||
| 035 | |a (DE-599)BSZ021609977 | ||
| 040 | |a DE-627 |b ger |c DE-627 |e rakwb | ||
| 041 | |a pol | ||
| 084 | |a 1 |2 ssgn | ||
| 084 | |a NV 2100 |2 rvk |0 (DE-625)rvk/131533: | ||
| 084 | |a AE 55000 |2 rvk |0 (DE-625)rvk/195: | ||
| 084 | |a BB 1100 |2 rvk |0 (DE-625)rvk/9120: | ||
| 245 | 0 | 0 | |a Encyklopedia katolicka |c Towarzystwo Naukowe Katolickiego Uniwersytetu Lubelskiego. Pod red. Feliksa Gryglewicza ... |
| 264 | 1 | |a Lublin |b Towarzystwo Naukowe Katolickiego Uniw. Lubelskiego Jana Pawła II |c 1973- | |
| 264 | 1 | |a Lublin |b Katolicki Uniw. Lubelski |c früher | |
| 336 | |a Text |b txt |2 rdacontent | ||
| 337 | |a ohne Hilfsmittel zu benutzen |b n |2 rdamedia | ||
| 338 | |a Band |b nc |2 rdacarrier | ||
| 500 | |a Später: [red. naczelna Stanisław Wilk (przewodniczący) ...] | ||
| 601 | |a Encyklopedia katolicka | ||
| 655 | 7 | |a Wörterbuch |0 (DE-588)4066724-8 |0 (DE-627)104682620 |0 (DE-576)209166061 |2 gnd-content | |
| 689 | 0 | 0 | |d s |0 (DE-588)4059758-1 |0 (DE-627)104131446 |0 (DE-576)209132159 |2 gnd |a Theologie |
| 689 | 0 | |5 (DE-627) | |
| 689 | 1 | 0 | |d s |0 (DE-588)4030005-5 |0 (DE-627)104452250 |0 (DE-576)208985212 |2 gnd |a Katholische Theologie |
| 689 | 1 | |5 (DE-627) | |
| 700 | 1 | |a Gryglewicz, Feliks |e Red. |4 adp | |
| 700 | 1 | |e Red. |0 (DE-588)1089201427 |0 (DE-627)853014272 |0 (DE-576)459837664 |4 adp |a Wilk, Stanisław |d 1944- | |
| 710 | 2 | |0 (DE-588)1009599-8 |0 (DE-627)103154426 |0 (DE-576)191184632 |4 oth |a Katolicki Uniwersytet Lubelski |b Towarzystwo Naukowe | |
| 935 | |a mteo | ||
| 936 | r | v | |a NV 2100 |b Darstellungen |k Geschichte |k Religions- und Kirchengeschichte |k Geschichte der katholischen Kirche |k Allgemeines |k Darstellungen |0 (DE-627)1271538989 |0 (DE-625)rvk/131533: |0 (DE-576)201538989 |
| 936 | r | v | |a AE 55000 |b Übergreifende Speziallexika nach Sachbegriffen (z.B. Frau, Krieg, Meer) |k Allgemeines |k Enzyklopädien, allgemeine Nachschlagewerke |k Übergreifende Speziallexika nach Sachbegriffen (z.B. Frau, Krieg, Meer) |0 (DE-627)1270655183 |0 (DE-625)rvk/195: |0 (DE-576)200655183 |
| 936 | r | v | |a BB 1100 |b Theologische Universallexika (ab 1900) |k Theologie und Religionswissenschaften |k Allgemeines zur Theologie |k Lexika |k Theologische Universallexika (ab 1900) |0 (DE-627)1270699725 |0 (DE-625)rvk/9120: |0 (DE-576)200699725 |
| 951 | |a MC | ||
| ELC | |b 1 | ||
| ITA | |a 1 |t 1 | ||
| LOK | |0 000 xxxxxcx a22 zn 4500 | ||
| LOK | |0 001 2150838958 | ||
| LOK | |0 003 DE-627 | ||
| LOK | |0 004 1091609977 | ||
| LOK | |0 005 20100413162658 | ||
| LOK | |0 008 941208||||||||||||||||ger||||||| | ||
| LOK | |0 040 |a DE-21 |c DE-627 |d DE-21 | ||
| LOK | |0 852 |a DE-21 | ||
| LOK | |0 852 1 |9 00 | ||
| LOK | |0 866 |x Abschlußvermerk im STOK erl. | ||
| LOK | |0 935 |a theo | ||
| LOK | |0 936ln |a t1 | ||
| LOK | |0 938 |l 28/02/06 |8 6 | ||
| LOK | |0 939 |a 08-12-94 |b l01 | ||
| ORI | |a SA-MARC-ixtheoa001.raw | ||
| SPR | |a 1 |t IXT | ||
| STA | 0 | 0 | |a Catholic theology,Theology,Theology |
| STB | 0 | 0 | |a Théologie catholique,Théologie,Théologie |
| STC | 0 | 0 | |a Teología católica,Teología,Teología |
| STD | 0 | 0 | |a Teologia cattolica,Teologia,Teologia |
| STE | 0 | 0 | |a 天主教神学,神学家 |
| STF | 0 | 0 | |a 天主教神學,神學家 |
| STG | 0 | 0 | |a Teologia católica,Teologia,Teologia |
| STH | 0 | 0 | |a Богословие (мотив),Богословие,Католическое богословие |
| STI | 0 | 0 | |a Θεολογία (μοτίβο),Θεολογία,Καθολική θεολογία |
| SYG | 0 | 0 | |a Christliche Theologie |